Statistics for Karl Marx quiz

Click here to take the quiz!

General Stats

  • This quiz has been taken 89 times
  • The average score is 8 of 15

Answer Stats

HintAnswer% Correct
What country was Karl Marx born in?Germany/Prussia
98%
Economic system Karl Marx was critical of...capitalism
87%
What "manifesto" did Marx write?The Communist Manifesto
85%
Who did Marx write that manifesto with?Friedrich Engels
80%
What city saw the first communist revolution in 1871?Paris
68%
What did Marx call on the workers to seize?The means of production
65%
Where is Karl Marx buried?London
59%
Name one of the 3 university's Marx attended...University of Bonn, University of Berlin, University of Jena (PhD)
55%
What American president did Karl Marx exchange letters with?Abraham Lincoln
54%
What year was Karl Marx born?1818
52%
What US state did Marx consider moving?Texas
29%
Name of Karl Marx's wife...Jenny von Westphalen
24%
Karl Marx is very relevant today because of unprecedented...Economic inequality
20%
How many copies of the manifesto did Marx sell? (in millions)500 million
16%
Who said: “the real purpose of socialism is precisely to overcome and advance beyond the predatory phase of human development."Albert Einstein
9%

Score Distribution

Percentile by Number Answered

Percent of People with Each Score

Your Score History

You have not taken this quiz